[Event "Jiraskuv memorial A"]
[Site "Rakovnik"]
[Date "2012.08.05"]
[Round "2"]
[White "Cap, Adam"]
[Black "Kozlovsky, Libor"]
[Result "1-0"]
[WhiteElo "2074"]
[BlackElo "2015"]
[Annotator "Lev,Pavel"]
[PlyCount "61"]
[EventDate "2012.08.??"]
[EventType "swiss"]
[EventRounds "9"]
[EventCountry "CZE"]

1. e4 c6 2. d4 d5 3. Nc3 g6 4. Nf3 Bg7 5. h3 Na6 6. Be3 Nc7 7. e5 Ne6 8. Qd2 b5
9. Bd3 a5 10. O-O h5 11. Rfc1 Bh6 12. a4 b4 13. Ne2 Bxe3 14. fxe3 c5 15. dxc5
Ba6 16. Bxa6 Rxa6 17. Rd1 Nxc5 18. Qxd5 Qb6 19. Ned4 e6 20. Qc4 Ne7 21. Nb5 Nd5
22. Nd6+ Kf8 23. Rxd5 exd5 24. Qxd5 Ne6 25. Nd4 Kg7 26. Rf1 Ra7 27. Kh1 Nxd4
28. exd4 Rf8 29. Rf6 Rd7 30. Ne8+ Rxe8 31. Qxd7 1-0

[Event "Jiraskuv memorial A"]
[Site "Rakovnik"]
[Date "2012.08.05"]
[Round "3"]
[White "Misicko, Jan"]
[Black "Hansch, Stephan"]
[Result "1/2-1/2"]
[WhiteElo "2045"]
[BlackElo "1920"]
[Annotator "Lev,Pavel"]
[PlyCount "47"]
[EventDate "2012.08.??"]
[EventType "swiss"]
[EventRounds "9"]
[EventCountry "CZE"]

1. c4 e6 2. g3 d5 3. Bg2 Nf6 4. Nf3 c6 5. O-O Bd6 6. b3 O-O 7. Bb2 Nbd7 8. Nc3
b6 9. d3 Bb7 10. e4 e5 11. d4 dxe4 12. Ng5 exd4 13. Ncxe4 Be7 14. Bxd4 h6 15.
Bxf6 Nxf6 16. Qxd8 Bxd8 17. Nd6 hxg5 18. Nxb7 Rc8 19. Rad1 Be7 20. Nd6 Bxd6 21.
Rxd6 c5 22. Re1 Rfe8 23. Kf1 Kf8 24. Red1 1/2-1/2

[Event "Jiraskuv memorial A"]
[Site "Rakovnik"]
[Date "2012.08.05"]
[Round "3"]
[White "Haman, Jakub"]
[Black "Cap, Adam"]
[Result "1/2-1/2"]
[WhiteElo "2137"]
[BlackElo "2074"]
[Annotator "Lev,Pavel"]
[PlyCount "33"]
[EventDate "2012.08.??"]
[EventType "swiss"]
[EventRounds "9"]
[EventCountry "CZE"]

1. e4 e5 2. Nc3 Nf6 3. f4 d5 4. fxe5 Nxe4 5. d3 Qh4+ 6. g3 Nxg3 7. Nf3 Qh5 8.
hxg3 Qxh1 9. Nxd5 Bg4 10. Nxc7+ Kd7 11. Nxa8 Bxf3 12. Qd2 Bd6 13. d4 Nc6 14.
Qf4 Re8 15. Qxf7+ Re7 16. Qf5+ Re6 17. Qf7+ 1/2-1/2

[Event "Jiraskuv memorial A"]
[Site "Rakovnik"]
[Date "2012.08.05"]
[Round "3"]
[White "Hadzala, Daniel"]
[Black "Novak, Jindrich"]
[Result "1/2-1/2"]
[WhiteElo "2127"]
[BlackElo "2041"]
[Annotator "Lev,Pavel"]
[PlyCount "99"]
[EventDate "2012.08.??"]
[EventType "swiss"]
[EventRounds "9"]
[EventCountry "CZE"]

1. Nf3 Nf6 2. g3 g6 3. Bg2 Bg7 4. O-O O-O 5. d3 d6 6. c4 c6 7. Nc3 Bg4 8. Qc2
Na6 9. a3 e5 10. Rb1 Nc5 11. b4 Ne6 12. e3 h5 13. h3 Bxf3 14. Bxf3 Nh7 15. b5
Qd7 16. bxc6 bxc6 17. Qa4 Rac8 18. Bg2 Nhg5 19. Qc2 f5 20. f4 Nf7 21. Bb2 h4
22. Qf2 hxg3 23. Qxg3 Kh7 24. Ne2 exf4 25. Nxf4 Nxf4 26. exf4 Rb8 27. Bxg7 Kxg7
28. Qf2 c5 29. d4 Qc7 30. dxc5 dxc5 31. Qd2 Qd6 32. Bd5 Qf6 33. Qe3 Qh4 34.
Rxb8 Rxb8 35. Qxc5 Qxh3 36. Qxa7 Qg3+ 37. Bg2 Rd8 38. Qf2 Qxa3 39. Bd5 Qc3 40.
Rd1 Nd6 41. Qa7+ Kf6 42. Qa1 Qxa1 43. Rxa1 g5 44. fxg5+ Kxg5 45. Kf2 Kf4 46.
Ra5 Ne4+ 47. Ke2 Nc3+ 48. Kd3 Nxd5 49. Rxd5 Rxd5+ 50. cxd5 1/2-1/2

[Event "Jiraskuv memorial A"]
[Site "Rakovnik"]
[Date "2012.08.05"]
[Round "3"]
[White "Dungl, Petr"]
[Black "Simecek, Bohumil"]
[Result "0-1"]
[WhiteElo "1861"]
[BlackElo "2111"]
[Annotator "Lev,Pavel"]
[PlyCount "78"]
[EventDate "2012.08.??"]
[EventType "swiss"]
[EventRounds "9"]
[EventCountry "CZE"]

1. c4 e5 2. Nc3 g6 3. Nf3 Bg7 4. g3 Ne7 5. Bg2 Nbc6 6. O-O d6 7. d3 O-O 8. a3
Be6 9. Ng5 Bd7 10. Rb1 h6 11. Nf3 Be6 12. Bd2 Qd7 13. b4 Bh3 14. b5 Nd8 15. Ne1
Bxg2 16. Nxg2 Ne6 17. Ne3 f5 18. Ned5 Rf7 19. Nxe7+ Qxe7 20. Nd5 Qd7 21. f4
Rff8 22. fxe5 dxe5 23. a4 Rad8 24. Ba5 Rde8 25. Bb4 Rf7 26. Bc3 c6 27. Nb4 Ref8
28. Nc2 f4 29. Qd2 Ng5 30. Bb4 Re8 31. Qe1 b6 32. h4 Ne6 33. Rf3 c5 34. Bc3 g5
35. gxf4 Nxf4 36. Kh2 Qg4 37. Ne3 Qh5 38. Ng2 Ref8 39. Nxf4 Rxf4 0-1

[Event "Jiraskuv memorial A"]
[Site "Rakovnik"]
[Date "2012.08.05"]
[Round "3"]
[White "Horyna, Josef"]
[Black "Hansch, Karsten"]
[Result "0-1"]
[WhiteElo "1878"]
[BlackElo "2019"]
[Annotator "Lev,Pavel"]
[PlyCount "58"]
[EventDate "2012.08.??"]
[EventType "swiss"]
[EventRounds "9"]
[EventCountry "CZE"]

1. d4 Nf6 2. Nf3 g6 3. g3 Bg7 4. Bg2 O-O 5. O-O d6 6. c4 Nc6 7. Nc3 a6 8. e3
Rb8 9. d5 Na5 10. Nd2 c5 11. a4 Bd7 12. Re1 e6 13. e4 Re8 14. Rb1 exd5 15. cxd5
b5 16. axb5 axb5 17. b4 cxb4 18. Rxb4 Qc7 19. Ndb1 Ng4 20. Na2 Nc4 21. h3 Nxf2
22. Kxf2 Qa7+ 23. Kf1 Qxa2 24. Re2 Qa7 25. Qd3 f5 26. exf5 Bxf5 27. Qb3 Rxe2
28. Kxe2 Re8+ 29. Kf3 Be4+ 0-1

[Event "Jiraskuv memorial A"]
[Site "Rakovnik"]
[Date "2012.08.05"]
[Round "3"]
[White "Hansch, Torsten"]
[Black "Trnka, Miroslav"]
[Result "1/2-1/2"]
[WhiteElo "2080"]
[BlackElo "2012"]
[Annotator "Lev,Pavel"]
[PlyCount "29"]
[EventDate "2012.08.??"]
[EventType "swiss"]
[EventRounds "9"]
[EventCountry "CZE"]

1. d4 g6 2. c4 Bg7 3. Nc3 d6 4. g3 Nf6 5. Bg2 O-O 6. Nf3 Nbd7 7. O-O c6 8. e4
e5 9. h3 Qe7 10. Be3 a5 11. Qc2 Re8 12. Rfe1 exd4 13. Nxd4 Nc5 14. Rad1 Be6 15.
b3 1/2-1/2

[Event "Jiraskuv memorial A"]
[Site "Rakovnik"]
[Date "2012.08.05"]
[Round "3"]
[White "Tejkal, Jiri"]
[Black "Kovar, Jan"]
[Result "1/2-1/2"]
[WhiteElo "1929"]
[BlackElo "2028"]
[Annotator "Lev,Pavel"]
[PlyCount "59"]
[EventDate "2012.08.??"]
[EventType "swiss"]
[EventRounds "9"]
[EventCountry "CZE"]

1. d4 d5 2. c4 e6 3. cxd5 exd5 4. Nc3 f5 5. Nf3 c6 6. Bf4 Bd6 7. Bxd6 Qxd6 8.
e3 Nf6 9. Bd3 O-O 10. Ne5 Nbd7 11. f4 Ne4 12. Bxe4 fxe4 13. Nxd7 Bxd7 14. a3
Qg6 15. Qe2 h5 16. Qf2 Qf6 17. b4 a5 18. O-O axb4 19. axb4 Qd6 20. Qb2 b6 21.
Ra3 c5 22. bxc5 bxc5 23. Rxa8 Rxa8 24. dxc5 Qxc5 25. Qd2 Bb5 26. Nxb5 Qxb5 27.
Rd1 Ra5 28. Qc3 Qc5 29. Qd2 Qb5 30. Qc3 1/2-1/2

[Event "Jiraskuv memorial A"]
[Site "Rakovnik"]
[Date "2012.08.05"]
[Round "3"]
[White "Nemec, David"]
[Black "Volek, Stanislav"]
[Result "0-1"]
[WhiteElo "2017"]
[BlackElo "1861"]
[Annotator "Lev,Pavel"]
[PlyCount "64"]
[EventDate "2012.08.??"]
[EventType "swiss"]
[EventRounds "9"]
[EventCountry "CZE"]

1. e4 e6 2. d4 d5 3. Nc3 Bb4 4. e5 c5 5. a3 Bxc3+ 6. bxc3 Ne7 7. Nf3 Bd7 8. h4
Nbc6 9. h5 h6 10. Rh4 Qa5 11. Bd2 c4 12. Rf4 Rf8 13. Qb1 O-O-O 14. Qb2 Qa4 15.
Be2 f5 16. exf6 gxf6 17. O-O-O e5 18. dxe5 fxe5 19. Rxf8 Rxf8 20. Bxh6 Rh8 21.
Bg7 Rxh5 22. Nxe5 Rxe5 23. Bxe5 Nxe5 24. Rh1 N7g6 25. Rh7 Nf4 26. Bf1 Ng4 27.
g3 Ne6 28. Bh3 Nc5 29. f4 Ne3 30. Bxd7+ Nxd7 31. Rg7 Nc5 32. g4 Nd3+ 0-1

[Event "Jiraskuv memorial A"]
[Site "Rakovnik"]
[Date "2012.08.05"]
[Round "3"]
[White "Wasserbauer, Radek"]
[Black "Rous, Daniel"]
[Result "1/2-1/2"]
[WhiteElo "2199"]
[BlackElo "1981"]
[Annotator "Lev,Pavel"]
[PlyCount "63"]
[EventDate "2012.08.??"]
[EventType "swiss"]
[EventRounds "9"]
[EventCountry "CZE"]

1. e4 c5 2. c3 Nf6 3. e5 Nd5 4. Nf3 e6 5. d4 cxd4 6. cxd4 Nc6 7. Nc3 d6 8. exd6
Bxd6 9. Bc4 O-O 10. O-O b6 11. Bg5 Be7 12. Bxd5 exd5 13. Bxe7 Nxe7 14. Re1 Bg4
15. h3 Bxf3 16. Qxf3 Qd7 17. Rad1 Rad8 18. Rd3 Nc6 19. a3 f6 20. b4 Rf7 21. Rc1
Ne7 22. Ne2 Rc8 23. Rdc3 Rff8 24. Nf4 Rxc3 25. Rxc3 Rd8 26. Qg4 Qxg4 27. hxg4
Rd7 28. Kf1 Kf7 29. Ke2 Ng6 30. g3 Nxf4+ 31. gxf4 Ke7 32. Kf3 1/2-1/2

[Event "Jiraskuv memorial A"]
[Site "Rakovnik"]
[Date "2012.08.05"]
[Round "3"]
[White "Novy, Daniel"]
[Black "Kotrba, Matej"]
[Result "1/2-1/2"]
[WhiteElo "1991"]
[BlackElo "1961"]
[Annotator "Lev,Pavel"]
[PlyCount "49"]
[EventDate "2012.08.??"]
[EventType "swiss"]
[EventRounds "9"]
[EventCountry "CZE"]

1. e4 Nf6 2. e5 Nd5 3. d4 d6 4. c4 Nb6 5. exd6 exd6 6. Nc3 Nc6 7. Bd3 Nxd4 8.
Bxh7 Qf6 9. Bd3 Be6 10. Ne4 Qe7 11. Ne2 Nxe2 12. Qxe2 O-O-O 13. Be3 d5 14. Nd2
dxc4 15. Bxc4 Nxc4 16. Nxc4 Qb4+ 17. Nd2 Bc5 18. Bxc5 Qxc5 19. O-O Qd6 20. Nf3
Bg4 21. h3 Qh6 22. Qe3 Qh5 23. Nh2 Be6 24. Qxa7 b6 25. Qa8+ 1/2-1/2

[Event "Jiraskuv memorial A"]
[Site "Rakovnik"]
[Date "2012.08.05"]
[Round "3"]
[White "Kozlovsky, Libor"]
[Black "Hinz, Frantisek"]
[Result "1-0"]
[WhiteElo "2015"]
[BlackElo "1902"]
[Annotator "Lev,Pavel"]
[PlyCount "77"]
[EventDate "2012.08.??"]
[EventType "swiss"]
[EventRounds "9"]
[EventCountry "CZE"]

1. d4 d5 2. c4 c6 3. Nc3 Nf6 4. Bf4 a6 5. e3 e6 6. cxd5 exd5 7. Bd3 Bd6 8. Bxd6
Qxd6 9. h3 O-O 10. Nf3 Nbd7 11. Qc2 c5 12. dxc5 Nxc5 13. Nd4 Nxd3+ 14. Qxd3 Ne4
15. O-O Nxc3 16. Qxc3 Bd7 17. Qd3 f5 18. Rfd1 Rad8 19. Ne2 Bb5 20. Qd2 Bxe2 21.
Qxe2 f4 22. Rd3 Qe6 23. Qg4 Qxg4 24. hxg4 fxe3 25. Rxe3 Rf4 26. f3 Rb4 27. b3
Rd4 28. Rc1 Rd2 29. Rc7 d4 30. Ree7 d3 31. Rxg7+ Kf8 32. Rxh7 Kg8 33. Rcg7+ Kf8
34. Rxb7 Kg8 35. Rbg7+ Kf8 36. Rh8+ Kxg7 37. Rxd8 Kf6 38. Kf1 Ke5 39. g3 1-0

[Event "Jiraskuv memorial A"]
[Site "Rakovnik"]
[Date "2012.08.05"]
[Round "3"]
[White "Lavrincik, Pavel"]
[Black "Masek, Jan"]
[Result "0-1"]
[WhiteElo "1898"]
[BlackElo "1949"]
[Annotator "Lev,Pavel"]
[PlyCount "112"]
[EventDate "2012.08.??"]
[EventType "swiss"]
[EventRounds "9"]
[EventCountry "CZE"]

1. c4 Nf6 2. Nc3 e5 3. e4 Nc6 4. g3 Nd4 5. Nf3 d6 6. h3 Be7 7. d3 O-O 8. Bg2 c6
9. O-O h6 10. Kh2 Nxf3+ 11. Qxf3 Nh7 12. Qe2 f5 13. f4 exf4 14. Bxf4 fxe4 15.
dxe4 g5 16. Be3 Bf6 17. Rad1 Qe7 18. Qd3 Be6 19. b3 Be5 20. Bd4 Bf7 21. Bxe5
Qxe5 22. Ne2 Bh5 23. Rde1 Rxf1 24. Rxf1 Rf8 25. Rxf8+ Nxf8 26. Nd4 Bg6 27. Nf5
Bxf5 28. exf5 Kg7 29. Qe4 Kf6 30. Qxe5+ Kxe5 31. g4 Nd7 32. Kg3 Kd4 33. Kf2 Kd3
34. Bf1+ Kd2 35. Bg2 Nf6 36. Bf3 d5 37. cxd5 cxd5 38. Bg2 b6 39. Bf3 a5 40. Be2
d4 41. Bc4 d3 42. Bb5 Kc2 43. Ke3 Nd5+ 44. Kd4 d2 45. Bd3+ Kc1 46. Be2 Nf4 47.
Bf3 Nxh3 48. f6 Ng1 49. Bd1 Kxd1 50. f7 Ke1 51. f8=Q d1=Q+ 52. Kc4 Qe2+ 53. Kd5
Qb5+ 54. Ke6 Qc6+ 55. Ke5 Nf3+ 56. Kf5 Qc5+ 0-1

[Event "Jiraskuv memorial A"]
[Site "Rakovnik"]
[Date "2012.08.05"]
[Round "3"]
[White "Cozl, David"]
[Black "Maeder, Juergen"]
[Result "1/2-1/2"]
[WhiteElo "2044"]
[BlackElo "1895"]
[Annotator "Lev,Pavel"]
[PlyCount "89"]
[EventDate "2012.08.??"]
[EventType "swiss"]
[EventRounds "9"]
[EventCountry "CZE"]

1. Nf3 d5 2. c4 e6 3. g3 Nf6 4. Bg2 Be7 5. Nc3 c6 6. cxd5 exd5 7. d4 Nbd7 8.
O-O O-O 9. Re1 Re8 10. Qc2 Nf8 11. e4 dxe4 12. Nxe4 Nxe4 13. Qxe4 Be6 14. Be3
Bf6 15. Ne5 Qc8 16. Qd3 Rd8 17. Qc3 Bd5 18. Nd3 Bxg2 19. Kxg2 Ne6 20. Ne5 Rd5
21. f4 Nc7 22. Rac1 Bxe5 23. dxe5 Qd7 24. Re2 Rd8 25. Rcc2 Qf5 26. Bc5 h5 27.
a4 Rd3 28. Qc4 h4 29. Bxa7 h3+ 30. Kf2 R8d5 31. Qe4 Qh5 32. Be3 Ne6 33. Rcd2
Rxd2 34. Rxd2 Rxd2+ 35. Bxd2 Qd1 36. Bc3 Nc5 37. Qf5 Ne6 38. Qxh3 Qc2+ 39. Ke3
Qxa4 40. f5 Qa7+ 41. Kd2 Qf2+ 42. Kc1 Nc5 43. e6 Qe2 44. exf7+ Kxf7 45. g4
1/2-1/2

[Event "Jiraskuv memorial A"]
[Site "Rakovnik"]
[Date "2012.08.05"]
[Round "3"]
[White "Sibl, Vaclav"]
[Black "Hajsman, Ladislav"]
[Result "0-1"]
[WhiteElo "1961"]
[BlackElo "1767"]
[Annotator "Lev,Pavel"]
[PlyCount "108"]
[EventDate "2012.08.??"]
[EventType "swiss"]
[EventRounds "9"]
[EventCountry "CZE"]

1. d4 d5 2. Bf4 Nf6 3. e3 e6 4. Nf3 Nbd7 5. Bd3 Be7 6. h3 O-O 7. Nbd2 c5 8. c3
b6 9. O-O Bb7 10. Re1 Ne4 11. Bb5 Ndf6 12. Qe2 a6 13. Bd3 Bd6 14. Bxd6 Qxd6 15.
Red1 Rfc8 16. Bxe4 Nxe4 17. Ne5 f6 18. Ng4 Nxd2 19. Rxd2 Rf8 20. f4 Rac8 21.
Rf1 b5 22. a3 c4 23. Qf2 Rce8 24. Qg3 Bc8 25. Rdf2 Bd7 26. h4 a5 27. Ra1 Rb8
28. Raf1 Qc7 29. Qf3 b4 30. axb4 axb4 31. Rc1 bxc3 32. bxc3 Rb7 33. Rfc2 Rfb8
34. h5 Kf7 35. h6 g6 36. Kh2 Rb5 37. Qg3 Rb1 38. Rxb1 Rxb1 39. Qh4 g5 40. Qh5+
Ke7 41. Nxf6 gxf4 42. Qg5 fxe3+ 43. g3 Kd6 44. Nxh7 Qb6 45. Qxe3 Ra1 46. Qe2
Qb1 47. Qg2 Ba4 48. Re2 Qxh7 49. Qh3 Bd7 50. g4 Rd1 51. Qg3+ Kc6 52. g5 Rd3 53.
Qe5 Qg6 54. Re3 Qh5+ 0-1

[Event "Jiraskuv memorial A"]
[Site "Rakovnik"]
[Date "2012.08.06"]
[Round "4"]
[White "Simecek, Bohumil"]
[Black "Kozlovsky, Libor"]
[Result "1-0"]
[WhiteElo "2111"]
[BlackElo "2015"]
[Annotator "Lev,Pavel"]
[PlyCount "65"]
[EventDate "2012.08.??"]
[EventType "swiss"]
[EventRounds "9"]
[EventCountry "CZE"]

1. d4 Nf6 2. c4 g6 3. Nc3 Bg7 4. e4 d6 5. Nf3 O-O 6. Be2 Bg4 7. Be3 Nfd7 8. Rc1
Nc6 9. d5 Bxf3 10. Bxf3 Ncb8 11. O-O e5 12. Be2 f5 13. f3 Nf6 14. b4 a5 15. a3
axb4 16. axb4 Na6 17. Qb3 Qe7 18. c5 Kh8 19. c6 bxc6 20. Ra1 Nxb4 21. Rxa8 Rxa8
22. Qxb4 c5 23. Qb2 Nd7 24. Ra1 Rb8 25. Qa2 Nb6 26. Rb1 Ra8 27. Qxa8+ Nxa8 28.
Rb8+ Qf8 29. Rxf8+ Bxf8 30. Nb5 f4 31. Bd2 Be7 32. Ba5 Kg8 33. Bxc7 1-0

[Event "Jiraskuv memorial A"]
[Site "Rakovnik"]
[Date "2012.08.06"]
[Round "4"]
[White "Maeder, Juergen"]
[Black "Lavrincik, Pavel"]
[Result "1/2-1/2"]
[WhiteElo "1895"]
[BlackElo "1898"]
[Annotator "Lev,Pavel"]
[PlyCount "95"]
[EventDate "2012.08.??"]
[EventType "swiss"]
[EventRounds "9"]
[EventCountry "CZE"]

1. d4 d6 2. Nf3 Nf6 3. c4 Nbd7 4. Nc3 g6 5. e4 Bg7 6. Be2 O-O 7. O-O c6 8. h3
a6 9. a4 Qc7 10. a5 e5 11. Be3 Re8 12. dxe5 dxe5 13. c5 Nf8 14. Qc2 Nh5 15. Bc4
Be6 16. Bxe6 Nxe6 17. g3 Qe7 18. b4 Nc7 19. Kg2 Ne6 20. Rad1 Rad8 21. Rxd8 Rxd8
22. Rd1 Rd7 23. Rxd7 Qxd7 24. Ne1 Nf6 25. Ne2 Ne8 26. Nd3 N8c7 27. Nb2 Nb5 28.
Nc4 Ned4 29. Bxd4 exd4 30. Qd3 Qe7 31. f4 Qd8 32. g4 Qh4 33. Ng3 h5 34. Qf3
hxg4 35. hxg4 Qd8 36. Qd3 Qf6 37. f5 gxf5 38. Nxf5 Qg5 39. Kg3 Qc1 40. Nxg7 Qc3
41. Ne5 Kxg7 42. Qf3 Qxf3+ 43. Kxf3 Kf6 44. Kf4 Ke6 45. g5 f6 46. gxf6 Kxf6 47.
Nd3 Nc3 48. Nc1 1/2-1/2

[Event "Jiraskuv memorial A"]
[Site "Rakovnik"]
[Date "2012.08.06"]
[Round "4"]
[White "Kotrba, Matej"]
[Black "Nemec, David"]
[Result "1-0"]
[WhiteElo "1961"]
[BlackElo "2017"]
[Annotator "Lev,Pavel"]
[PlyCount "29"]
[EventDate "2012.08.??"]
[EventType "swiss"]
[EventRounds "9"]
[EventCountry "CZE"]

1. e4 c5 2. Nc3 d6 3. f4 Nc6 4. Nf3 g6 5. Bc4 Bg7 6. O-O e6 7. f5 exf5 8. d3
Nge7 9. Qe1 O-O 10. Qh4 Ne5 11. Bg5 N5c6 12. Nd5 Re8 13. Nf6+ Bxf6 14. Bxf6 h5
15. Qg5 1-0

[Event "Jiraskuv memorial A"]
[Site "Rakovnik"]
[Date "2012.08.06"]
[Round "4"]
[White "Hansch, Stephan"]
[Black "Novy, Daniel"]
[Result "1/2-1/2"]
[WhiteElo "1920"]
[BlackElo "1991"]
[Annotator "Lev,Pavel"]
[PlyCount "26"]
[EventDate "2012.08.??"]
[EventType "swiss"]
[EventRounds "9"]
[EventCountry "CZE"]

1. d4 Nf6 2. c4 g6 3. g3 Bg7 4. Bg2 O-O 5. Nc3 d6 6. Nf3 Bg4 7. O-O Qc8 8. Re1
Re8 9. e4 e5 10. d5 Rf8 11. b4 Nh5 12. Qc2 a5 13. bxa5 Rxa5 1/2-1/2

[Event "Jiraskuv memorial A"]
[Site "Rakovnik"]
[Date "2012.08.06"]
[Round "4"]
[White "Kovar, Jan"]
[Black "Hajsman, Ladislav"]
[Result "1-0"]
[WhiteElo "2028"]
[BlackElo "1767"]
[Annotator "Lev,Pavel"]
[PlyCount "71"]
[EventDate "2012.08.??"]
[EventType "swiss"]
[EventRounds "9"]
[EventCountry "CZE"]

1. d4 d5 2. Nf3 Nf6 3. c4 e6 4. Nc3 Nbd7 5. Bg5 Be7 6. e3 O-O 7. Rc1 c6 8. Bd3
dxc4 9. Bxc4 Nd5 10. Bxe7 Qxe7 11. O-O N7f6 12. Re1 Nxc3 13. bxc3 Ne4 14. Qc2
f5 15. Bd3 Ng5 16. Ne5 Nf7 17. Nc4 Nd6 18. Nxd6 Qxd6 19. e4 Bd7 20. exf5 exf5
21. Qb3+ Kh8 22. Qxb7 c5 23. dxc5 Qxd3 24. Red1 Qb5 25. Rxd7 Qxb7 26. Rxb7 Rfc8
27. Rb5 a6 28. Ra5 Rc6 29. Rd1 Re8 30. Kf1 g6 31. Rd6 Re6 32. Rxc6 Rxc6 33. Ke2
Kg7 34. Kd3 Kf6 35. Kd4 Ke6 36. Ra4 1-0

[Event "Jiraskuv memorial A"]
[Site "Rakovnik"]
[Date "2012.08.06"]
[Round "4"]
[White "Volek, Stanislav"]
[Black "Hadzala, Daniel"]
[Result "0-1"]
[WhiteElo "1861"]
[BlackElo "2127"]
[Annotator "Lev,Pavel"]
[PlyCount "36"]
[EventDate "2012.08.??"]
[EventType "swiss"]
[EventRounds "9"]
[EventCountry "CZE"]

1. d4 Nf6 2. Nf3 g6 3. c3 c5 4. Bg5 Bg7 5. e3 Qb6 6. Qb3 Nc6 7. Nbd2 O-O 8. Bd3
d5 9. dxc5 Qxc5 10. O-O e5 11. e4 Be6 12. exd5 Bxd5 13. Qc2 Nd7 14. Ne4 Qb6 15.
Be3 Qc7 16. c4 Be6 17. Nc5 Bg4 18. Be4 Nb4 0-1

[Event "Jiraskuv memorial A"]
[Site "Rakovnik"]
[Date "2012.08.06"]
[Round "4"]
[White "Novak, Jindrich"]
[Black "Tejkal, Jiri"]
[Result "1/2-1/2"]
[WhiteElo "2041"]
[BlackElo "1929"]
[Annotator "Lev,Pavel"]
[PlyCount "100"]
[EventDate "2012.08.??"]
[EventType "swiss"]
[EventRounds "9"]
[EventCountry "CZE"]

1. c4 Nf6 2. Nc3 g6 3. h4 Bg7 4. h5 Nxh5 5. g4 Nf6 6. g5 Ng8 7. Bg2 e5 8. d3
Nc6 9. Bxc6 bxc6 10. e4 d6 11. Qa4 Bd7 12. Be3 a5 13. O-O-O c5 14. Nb5 f5 15.
gxf6 Bxf6 16. Kb1 h5 17. Ne2 Ne7 18. Rdg1 Qb8 19. Nec3 c6 20. Na3 Qb4 21. Nc2
Qxa4 22. Nxa4 Rb8 23. Bd2 Ra8 24. Nb6 Ra7 25. Nxd7 Kxd7 26. Bg5 Bxg5 27. Rxg5
Raa8 28. Ne3 Raf8 29. Rh2 Rf3 30. Kc2 Rhf8 31. Nd1 Ke6 32. Kd2 R8f6 33. Ke2 Rf8
34. Nc3 R3f6 35. Na4 Ng8 36. b3 Nh6 37. f3 Ng8 38. Rh3 Ne7 39. Ke3 Rf4 40. Nc3
R4f7 41. Rg1 Rh7 42. Ne2 Rff7 43. Rf1 Kd7 44. Rg1 Ke6 45. Rg2 Kd7 46. Rf2 Rf6
47. Rf1 Rff7 48. Rg1 Rf6 49. Rb1 Rff7 50. Rbh1 Rf6 1/2-1/2

[Event "Jiraskuv memorial A"]
[Site "Rakovnik"]
[Date "2012.08.06"]
[Round "4"]
[White "Masek, Jan"]
[Black "Wasserbauer, Radek"]
[Result "0-1"]
[WhiteElo "1949"]
[BlackElo "2199"]
[Annotator "Lev,Pavel"]
[PlyCount "48"]
[EventDate "2012.08.??"]
[EventType "swiss"]
[EventRounds "9"]
[EventCountry "CZE"]

1. e4 e6 2. d4 d5 3. Nd2 Nf6 4. e5 Nfd7 5. Bd3 c5 6. c3 Nc6 7. Ngf3 cxd4 8.
cxd4 f6 9. exf6 Nxf6 10. O-O Bd6 11. Qe2 O-O 12. Nb3 Qc7 13. Bg5 e5 14. dxe5
Nxe5 15. Nxe5 Bxe5 16. h3 Bd7 17. Rac1 Qd6 18. Nc5 Bc6 19. Kh1 Rae8 20. Qc2 h6
21. Bd2 Bf4 22. Rce1 Bxd2 23. Rxe8 Rxe8 24. Bg6 Re7 0-1

[Event "Jiraskuv memorial A"]
[Site "Rakovnik"]
[Date "2012.08.06"]
[Round "4"]
[White "Horyna, Josef"]
[Black "Cozl, David"]
[Result "1-0"]
[WhiteElo "1878"]
[BlackElo "2044"]
[Annotator "Lev,Pavel"]
[PlyCount "65"]
[EventDate "2012.08.??"]
[EventType "swiss"]
[EventRounds "9"]
[EventCountry "CZE"]

1. d4 c6 2. e4 d5 3. Nc3 dxe4 4. Nxe4 Bf5 5. Ng3 Bg6 6. Nf3 Nd7 7. h4 h6 8. h5
Bh7 9. Bd3 Bxd3 10. Qxd3 Ngf6 11. Bd2 e6 12. O-O-O Bd6 13. Ne4 Nxe4 14. Qxe4
Nf6 15. Qe2 Qc7 16. g3 b5 17. Ne5 a5 18. f4 Nd5 19. f5 Bxe5 20. Qxe5 Qxe5 21.
dxe5 exf5 22. Rdf1 Ne7 23. Rf3 O-O 24. Rhf1 b4 25. c4 c5 26. a3 Ra6 27. Rd3 Re6
28. axb4 axb4 29. Bf4 Ra8 30. Kc2 Nc6 31. Rd5 Ra5 32. Rfd1 Nd4+ 33. R1xd4 1-0

[Event "Jiraskuv memorial A"]
[Site "Rakovnik"]
[Date "2012.08.06"]
[Round "4"]
[White "Misicko, Jan"]
[Black "Dungl, Petr"]
[Result "1-0"]
[WhiteElo "2045"]
[BlackElo "1861"]
[Annotator "Lev,Pavel"]
[PlyCount "77"]
[EventDate "2012.08.??"]
[EventType "swiss"]
[EventRounds "9"]
[EventCountry "CZE"]

1. c4 e5 2. g3 Nf6 3. Bg2 d5 4. cxd5 Nxd5 5. Nc3 Nb6 6. Nf3 Nc6 7. O-O Be7 8.
d3 O-O 9. Be3 Re8 10. Qc1 Bf8 11. Rd1 Nd4 12. Kf1 c6 13. Ne4 Nxf3 14. Bxf3 Nd5
15. Bc5 Bxc5 16. Qxc5 Qb6 17. Qxb6 Nxb6 18. d4 f5 19. Nd6 Re6 20. Nxf5 g6 21.
Ne3 e4 22. Bg2 Nd5 23. Nxd5 cxd5 24. Rac1 Rb6 25. Rd2 Bd7 26. Rc3 Rf8 27. Ke1
Rbf6 28. f3 exf3 29. Bxf3 Bc6 30. Re3 g5 31. Kd1 Rc8 32. Re5 h6 33. Rc2 Rd8 34.
Rc5 Rfd6 35. Kd2 Kg7 36. b4 a6 37. h4 Kg6 38. Rc1 Re8 39. Rxc6 1-0

[Event "Jiraskuv memorial A"]
[Site "Rakovnik"]
[Date "2012.08.06"]
[Round "4"]
[White "Rous, Daniel"]
[Black "Hansch, Karsten"]
[Result "1/2-1/2"]
[WhiteElo "1981"]
[BlackElo "2019"]
[Annotator "Lev,Pavel"]
[PlyCount "82"]
[EventDate "2012.08.??"]
[EventType "swiss"]
[EventRounds "9"]
[EventCountry "CZE"]

1. Nf3 Nf6 2. d4 g6 3. Nc3 d5 4. Bf4 Bg7 5. e3 O-O 6. Be2 c6 7. Ne5 Nbd7 8. h4
Nxe5 9. Bxe5 Ne4 10. Bxg7 Nxc3 11. Qd3 Kxg7 12. Qxc3 Qd6 13. O-O-O Qf6 14. f4
h5 15. Rdg1 Rh8 16. Qe1 c5 17. dxc5 Bf5 18. Qb4 Rac8 19. c3 Rc7 20. Bf3 e6 21.
Qd4 Rhc8 22. g3 Rxc5 23. Rd1 Rc4 24. Qxf6+ Kxf6 25. Rd4 Rxd4 26. exd4 b5 27. a3
a5 28. Kd2 b4 29. axb4 axb4 30. Rc1 Rc4 31. Ke3 bxc3 32. Rxc3 Rxc3+ 33. bxc3
Bc2 34. Bg2 Ke7 35. Bf1 Bb3 36. Be2 Bc4 37. Bd1 Bb5 38. g4 hxg4 39. Bxg4 Ba4
40. h5 Bc2 41. hxg6 Bxg6 1/2-1/2

[Event "Jiraskuv memorial A"]
[Site "Rakovnik"]
[Date "2012.08.06"]
[Round "4"]
[White "Haman, Jakub"]
[Black "Hansch, Torsten"]
[Result "0-1"]
[WhiteElo "2137"]
[BlackElo "2080"]
[Annotator "Lev,Pavel"]
[PlyCount "116"]
[EventDate "2012.08.??"]
[EventType "swiss"]
[EventRounds "9"]
[EventCountry "CZE"]

1. e4 c5 2. f4 d5 3. exd5 Nf6 4. Nc3 Nxd5 5. Bb5+ Bd7 6. Qf3 Bxb5 7. Nxb5 e6 8.
Ne2 Qd7 9. Na3 Be7 10. O-O Nc6 11. d3 Bf6 12. Kh1 O-O 13. Ng3 Be7 14. Be3 Nxe3
15. Qxe3 Qd4 16. Qxd4 cxd4 17. Nc4 b5 18. Ne5 Rac8 19. Rae1 Nb4 20. c3 dxc3 21.
bxc3 Rxc3 22. f5 Nxd3 23. Ne4 Ra3 24. Nc6 Bh4 25. Re2 b4 26. g3 Bf6 27. fxe6
fxe6 28. h4 h6 29. Kh2 Kh7 30. Rf3 Nc1 31. Rxa3 bxa3 32. Rf2 Rf7 33. Nxf6+ Rxf6
34. Rxf6 gxf6 35. Nxa7 Nxa2 36. Nb5 h5 37. Nxa3 Kg6 38. Nc4 f5 39. Kg2 Kf6 40.
Kf3 Nc3 41. Nd6 Nd5 42. Nc4 e5 43. Kf2 Ke6 44. Kf3 Nf6 45. Ne3 Ne4 46. Ng2 Kd6
47. Ne3 Nxg3 48. Nc4+ Kd5 49. Nb6+ Kc5 50. Nc8 Ne4 51. Ne7 Nd6 52. Ng8 Ne8 53.
Ne7 Ng7 54. Ke3 Kd6 55. Nc8+ Ke6 56. Na7 Ne8 57. Nc6 Nd6 58. Kf3 f4 0-1